Countries by Three Words - Statistics

General Stats
  • This quiz has been taken 309 times
  • The average score is 14 of 16
Answer Stats
Three Words Country % Correct
Anime, Bullet Trains, Mount Fuji Japan
94%
Big Ben, monarchy, Fish n' Chips United Kingdom
94%
Football, Amazon, Rio De Janeiro Brazil
93%
Panda, communism, Great Wall China
93%
Croissant, bonjour, fashion France
93%
Spaghetti, coffee, ciao Italy
92%
Vodka, commies, tanks Russia
92%
Kangaroo, Outback, hot Australia
91%
Schnitzel, beer, cars Germany
90%
Freedom, guns, war United States
90%
Curry, Gandhi, Hindu India
89%
Tacos, Aztec, Cancún Mexico
87%
Bullfighting, Tapas, Catalonia Spain
84%
Biodiversity, Bali, Orangutan Indonesia
69%
LEGO, Little Mermaid, Denmark
63%
Borat, potassium, toffee Kazakhstan
50%
No matching quizzes found
Score Distribution
Percent of People with Each Score
Percentile by Number Answered
Your Score History
You have not taken this quiz